Petaḥ Tiḳṿah em ha-moshavot 638.

Saved in:
Bibliographic Details
Corporate Author: Ḥevrah ha-memshaltit le-medalyot ule-maṭbeʻot (Israel)
Format: Kit
Language:Hebrew
Series:ʻArim be-Yiśraʼel ; 6.
Cities in Israel ; 6.
Subjects:
Tags: Add Tag
No Tags, Be the first to tag this record!
LEADER 01173npm a22003377a 4500
001 014285656-8
005 20150310145641.0
008 150112c20089999is heb d
035 0 |a ocn903914708 
035 |a (IsJeAIW)wb20159070269 
040 |a IsJeAIW  |c IsJeAIW 
245 0 0 |6 880-01  |a Petaḥ Tiḳṿah em ha-moshavot 638. 
246 3 |a Petach Tikva 1878 
490 1 |a ʻArim be-Yiśraʼel ;  |v 6 
490 1 |a Cities in Israel ;  |v 6 
650 0 |a Medals  |v Specimens. 
650 0 |a Medals  |z Israel. 
651 0 |a Petaḥ Tiḳṿah (Israel) 
710 2 |a Ḥevrah ha-memshaltit le-medalyot ule-maṭbeʻot (Israel) 
740 0 |a Merkaz ha-shilṭon ha-meḳomi be-Yiśraʼel. 
740 0 |a Markaz al-sulṭat ha-mahaliyah fi Israʼil. 
740 0 |a Union of local authorities in Israel. 
752 |a Israel  |d Jerusalem. 
880 0 0 |6 245-01  |a פתח תקווה אם המושבות תרל״ח. 
880 |6 260-00  |a ירושלים :  |b החברה הממשלתית למדליות ולמטבעות,  |c 2008. 
830 0 |a ʻArim be-Yiśraʼel ;  |v 6. 
830 0 |a Cities in Israel ;  |v 6. 
899 |a 415_560049 
988 |a 20150121 
098 0 6 |a JNum 331 
906 |0 VEN